[Event "Politiken Cup"]
[Site "Helsingor DEN"]
[Date "2009.07.23"]
[Round "7"]
[White "Wimo,J"]
[Black "Svendsen,Pet"]
[Result "0-1"]
[WhiteElo "1843"]
[BlackElo "1993"]
[EventDate "2009.07.18"]

1. e4 e5 2. Nf3 Nf6 3. d3 Nc6 4. g3 Be7 5. Bg2 d5 6. Nbd2 O-O 7. O-O h6 8.
c3 Be6 9. h3 Qd7 10. Kh2 Rad8 11. Qe2 dxe4 12. dxe4 Qd3 13. Qxd3 Rxd3 14.
Ne1 Rd6 15. b3 Rfd8 16. Nc4 Bxc4 17. bxc4 Rd1 18. Bf3 R1d7 19. Be3 Na5 20.
c5 c6 21. g4 Nc4 22. Bc1 Nd2 23. Rg1 Nfxe4 24. Bxe4 Nxe4 25. Be3 Bxc5 26.
Bxc5 Nxc5 27. Nf3 f6 28. h4 Rd3 29. Rg3 Ne4 30. Rh3 Nxf2 31. Rg3 Nxg4+ 32.
Rxg4 Rxf3 33. Rag1 g5 34. hxg5 hxg5 35. Kg2 Rxc3 36. Rf1 Rd2+ 37. Kg1 Kg7
0-1

[Event "Politiken Cup"]
[Site "Helsingor DEN"]
[Date "2009.07.23"]
[Round "7"]
[White "Jensen,By"]
[Black "Kristinsson,Bj"]
[Result "0-1"]
[WhiteElo "1817"]
[BlackElo "1985"]
[EventDate "2009.07.18"]

1. f4 e5 2. fxe5 d6 3. exd6 Bxd6 4. Nf3 Bg4 5. g3 h5 6. Bg2 h4 7. Nxh4 Rxh4
8. Bxb7 c6 9. d4 Bxg3+ 10. Kd2 Qxd4+ 0-1

[Event "Politiken Cup"]
[Site "Helsingor DEN"]
[Date "2009.07.23"]
[Round "7"]
[White "Rasmussen,O"]
[Black "Jorgensen,A"]
[Result "1/2-1/2"]
[WhiteElo "1751"]
[BlackElo "1965"]
[EventDate "2009.07.18"]

1. d4 Nf6 2. Nf3 g6 3. c4 Bg7 4. Nc3 O-O 5. e4 d6 6. Be2 c5 7. d5 Na6 8.
O-O Bd7 9. e5 Ne8 10. Bf4 dxe5 11. Nxe5 Nd6 12. Nxd7 Qxd7 13. Qd2 Nc7 14.
Rad1 Nce8 15. h3 Nf6 16. Qc2 b6 17. b3 Rad8 18. Rfe1 Nf5 1/2-1/2

[Event "Politiken Cup"]
[Site "Helsingor DEN"]
[Date "2009.07.23"]
[Round "7"]
[White "Nielsen,Pet"]
[Black "Zmylon,F"]
[Result "1-0"]
[WhiteElo "1926"]
[BlackElo "1707"]
[EventDate "2009.07.18"]

1. e4 c5 2. Nc3 Nc6 3. f4 e6 4. Bb5 Bd6 5. e5 Bc7 6. Nf3 Nge7 7. d3 a6 8.
Bxc6 Nxc6 9. O-O b5 10. Be3 Bb6 11. Ne4 O-O 12. Bxc5 Nb4 13. d4 Bxc5 14.
dxc5 Nd5 15. Qd2 Qc7 16. b4 f5 17. Nd6 Bb7 18. a4 Bc6 19. axb5 axb5 20. Nd4
Rxa1 21. Rxa1 Rb8 22. g3 Qd8 23. h4 Nc7 24. Qe2 Ra8 25. Rd1 Qb8 26. Qh5 g6
27. Qe2 Ra3 28. Nxc6 dxc6 29. Kh2 Nd5 30. Rd3 Rxd3 31. Qxd3 Nxb4 32. Qb3
Nd5 33. c4 Nc7 34. cxb5 cxb5 35. Qb4 Qa7 36. h5 Qa2+ 37. Kg1 Qe2 38. Qd4
Qe1+ 39. Kg2 Qe2+ 40. Qf2 Qxh5 41. Qd2 Qh6 42. Qa5 Qh5 43. Qd2 Qh6 44. Qd3
b4 45. c6 Nd5 46. Nb5 Qg7 47. Kf3 Qh6 48. Kg2 Qg7 49. Kf2 Qh6 50. Kg2 Qg7
51. Kg1 Qf8 52. Qc4 Qc8 53. Nd4 Kf7 54. Nb5 b3 55. Nd6+ 1-0

[Event "Politiken Cup"]
[Site "Helsingor DEN"]
[Date "2009.07.23"]
[Round "7"]
[White "Scherwin,C"]
[Black "Eiholt,B"]
[Result "1/2-1/2"]
[WhiteElo "1868"]
[BlackElo "1678"]
[EventDate "2009.07.18"]

1. f4 d5 2. Nf3 Nf6 3. g3 Bg4 4. Bg2 e6 5. b3 Be7 6. Bb2 O-O 7. e3 c5 8. d3
Nc6 9. h3 Bxf3 10. Bxf3 Rc8 11. Nd2 Qd7 12. g4 Ne8 13. h4 Bf6 14. Bxf6 Nxf6
15. g5 Ne8 16. a3 Nd6 17. Qe2 Rfe8 18. Bg4 Ne7 19. Nf3 Qc7 20. h5 Nef5 21.
Kf2 d4 22. e4 Ne3 23. Nh2 g6 24. Bf3 Nb5 25. Kg3 1/2-1/2

[Event "Politiken Cup"]
[Site "Helsingor DEN"]
[Date "2009.07.23"]
[Round "7"]
[White "Andersen,Har"]
[Black "Madsen,D"]
[Result "1-0"]
[WhiteElo "1901"]
[BlackElo "1579"]
[EventDate "2009.07.18"]

1. e4 e5 2. f4 exf4 3. Nf3 d6 4. d4 h6 5. Bxf4 g5 6. Be3 Nc6 7. Bc4 Bg7 8.
O-O Qe7 9. Nbd2 g4 10. Ne1 Bxd4 11. Bxd4 Nxd4 12. Rxf7 Qg5 13. Rxc7 Nf6 14.
c3 Qe3+ 15. Kh1 Ne6 16. Rxc8+ Rxc8 17. Bxe6 Rc5 18. Nc2 Qg5 19. Nc4 Nxe4
20. Nxd6+ Nxd6 21. Qxd6 Qe7 22. Bd7+ Kd8 23. Qb8+ Kxd7 24. Rd1+ Kc6 25.
Qxh8 Rh5 26. Qc8+ Kb5 27. Qxg4 1-0

[Event "Politiken Cup"]
[Site "Helsingor DEN"]
[Date "2009.07.23"]
[Round "7"]
[White "Hagen,T"]
[Black "Jonsson,Ol"]
[Result "1-0"]
[WhiteElo "1716"]
[BlackElo "1899"]
[EventDate "2009.07.18"]

1. e4 c5 2. Nf3 d6 3. b4 cxb4 4. d4 Nf6 5. Nbd2 g6 6. Bd3 Bg7 7. O-O O-O 8.
Bb2 Bg4 9. h3 Bxf3 10. Nxf3 Nbd7 11. a3 bxa3 12. Bxa3 Nh5 13. c3 Rc8 14.
Qb3 Qb6 15. Qc2 a6 16. Rfb1 Qc6 17. c4 Nf4 18. d5 Qc7 19. Bb2 Bxb2 20. Rxb2
Nxd3 21. Qxd3 Nc5 22. Qe3 Qd7 23. g4 Kg7 24. e5 h5 25. Nh2 hxg4 26. Nxg4
Rh8 27. Kg2 Rh4 28. e6 fxe6 29. dxe6 Qc6+ 30. f3 Rf8 31. Rf2 Kh7 32. Qg5
Rxg4+ 33. hxg4 Nxe6 34. Qxe7+ Kg8 35. Qxe6+ Rf7 36. Qxg6+ Kf8 37. Rh1 1-0

[Event "Politiken Cup"]
[Site "Helsingor DEN"]
[Date "2009.07.23"]
[Round "7"]
[White "Astrom,L"]
[Black "Nielsen,Pa"]
[Result "0-1"]
[WhiteElo "1689"]
[BlackElo "1877"]
[EventDate "2009.07.18"]

1. e4 e5 2. Nf3 Nc6 3. Bc4 d6 4. d4 exd4 5. Nxd4 Ne5 6. Be2 Bd7 7. O-O Nf6
8. Re1 Be7 9. Nc3 h6 10. f4 Nc6 11. Bf3 Rb8 12. e5 dxe5 13. fxe5 Ng8 14.
Bh5 Nxd4 15. Qxd4 Be6 16. Qxa7 Qc8 17. Qa4+ c6 18. Bf4 Bc5+ 19. Be3 Bxe3+
20. Rxe3 Ne7 21. Ne4 O-O 22. Nd6 Qc7 23. Bg4 b5 24. Qe4 Bd5 25. Qd3 Ng6 26.
Qf5 Nh4 27. Qf2 Ng6 28. Qg3 Rbd8 29. Nf5 Qa7 30. Bh5 Kh7 31. Kh1 Be6 32.
Bxg6+ fxg6 33. Nd6 Qd4 34. Rc3 Rf4 35. Qe3 Qxe3 36. Rxe3 Rdf8 37. Rg1 Rf2
38. Rc3 Bd5 39. h3 Re2 40. a3 Rxe5 41. Rd3 Re2 42. b4 Rxc2 43. Kh2 Rff2 44.
Rg3 Rce2 45. Nb7 Rf3 46. Rxf3 Bxf3 47. Kg3 Bd5 48. Kf4 Re4+ 49. Kg3 Re3+
50. Kf4 Rxa3 51. Ke5 Rb3 52. Na5 Rxb4 53. Kd6 Rb2 54. Nxc6 Bxg2 55. h4 Rd2+
56. Kc5 Rc2+ 57. Kxb5 Bxc6+ 58. Kb4 Rh2 59. Rg4 Bd7 0-1

[Event "Politiken Cup"]
[Site "Helsingor DEN"]
[Date "2009.07.23"]
[Round "7"]
[White "Moller,A"]
[Black "Hein,Ja"]
[Result "1-0"]
[WhiteElo "1860"]
[BlackElo "1593"]
[EventDate "2009.07.18"]

1. e4 c5 2. Nf3 d6 3. d4 cxd4 4. Nxd4 Nf6 5. Nc3 a6 6. Be2 g6 7. O-O Bg7 8.
Be3 Bd7 9. Kh1 Nc6 10. f4 e6 11. Qd2 b5 12. a3 Qe7 13. Bf3 Rd8 14. e5 dxe5
15. Nxc6 Bxc6 16. Bxc6+ Nd7 17. Rad1 exf4 18. Bxd7+ Rxd7 19. Qxd7+ Qxd7 20.
Rxd7 Kxd7 21. Rd1+ Kc6 22. Bxf4 e5 23. Be3 f5 24. g3 Bf6 25. Kg2 h5 26. h4
f4 27. gxf4 exf4 28. Bxf4 Bxh4 29. Rd3 Kc5 30. Ne4+ 1-0

[Event "Politiken Cup"]
[Site "Helsingor DEN"]
[Date "2009.07.23"]
[Round "7"]
[White "Hansen,An"]
[Black "Larsen,Han"]
[Result "1/2-1/2"]
[WhiteElo "2005"]
[BlackElo "1844"]
[EventDate "2009.07.18"]

1. Nf3 d6 2. d4 g6 3. e4 Bg7 4. Be2 Nc6 5. Be3 e5 6. c3 Bd7 7. O-O Nf6 8.
d5 Ne7 9. Nfd2 O-O 10. f4 Nfxd5 11. exd5 Nxd5 12. Nc4 Bc6 13. Bf3 Nxe3 14.
Nxe3 exf4 15. Nd5 Be5 16. Nd2 Kh8 17. Re1 f6 18. Nb3 Bd7 19. Qc1 c6 20.
Nxf4 g5 21. Nd3 g4 22. Nxe5 fxe5 23. Be2 Qb6+ 24. Kh1 Rf4 25. g3 Rf2 26.
Bf1 Raf8 27. Bg2 c5 28. Nd2 Bc6 29. Rg1 d5 30. Rf1 c4 31. Rxf2 Rxf2 32. Qe1
e4 33. Nf1 Qxb2 34. Ne3 Kg7 35. Qg1 Rf7 36. Rc1 h5 37. Rc2 Qa3 38. Nd1 Kg6
39. Qd4 b6 40. Kg1 Qe7 41. Ne3 Qf6 42. Rd2 Rd7 43. Qxf6+ Kxf6 44. Rf2+ Ke6
45. Nf5 Ba4 46. Nd4+ Ke7 47. Nf5+ Kd8 48. Nd4 Kc7 49. Rf5 Bd1 50. Rxh5 a6
51. Kf2 b5 52. Rh6 Kb7 53. Rh5 Rd6 54. Ke3 Kb6 55. Kd2 Bf3 56. Bf1 Kc5 57.
Nc2 a5 58. a3 Kc6 59. Ke3 Kc5 60. Be2 Rf6 61. Nd4 Bxe2 62. Nxe2 Rf3+ 63.
Kd2 Rd3+ 64. Kc2 e3 65. Nf4 Rd2+ 66. Kc1 Kd6 67. h3 gxh3 68. Rxh3 b4 69.
axb4 axb4 70. cxb4 d4 71. Rh5 c3 72. b5 e2 73. Rd5+ Kc7 74. Nxe2 Rxe2 75.
Rxd4 Rg2 76. Rc4+ Kb6 77. Rxc3 Kxb5 78. Kd1 Kb4 79. Re3 Kc4 80. Ke1 Kd4 81.
Ra3 Ke4 82. Kf1 Rb2 83. Kg1 Rc2 84. Kf1 Rb2 85. Ke1 Rc2 86. Kf1 Rb2 1/2-1/2

[Event "Politiken Cup"]
[Site "Helsingor DEN"]
[Date "2009.07.23"]
[Round "7"]
[White "Jensen,Ha"]
[Black "Noer,M"]
[Result "0-1"]
[WhiteElo "1620"]
[BlackElo "1981"]
[EventDate "2009.07.18"]

1. e4 c6 2. d4 d5 3. e5 Bf5 4. Bd3 Bxd3 5. Qxd3 e6 6. Nf3 Qb6 7. Nc3 a6 8.
Bd2 c5 9. O-O cxd4 10. Nxd4 Ne7 11. Na4 Qc7 12. f4 Ng6 13. Kh1 b5 14. Nc3
Bc5 15. a3 O-O 16. b4 Bb6 17. Rae1 Nd7 18. Nce2 Rac8 19. Rf3 Ndxe5 20. fxe5
Nxe5 21. Qb3 Nxf3 22. Qxf3 Qc4 23. Qg4 f5 24. Qh4 e5 25. Nf3 Qxh4 26. Nxh4
Bf2 27. Ng3 Bxe1 28. Bxe1 f4 29. Ngf5 Rxc2 30. Ne7+ Kf7 31. Nxd5 Rc1 32.
Nf3 e4 0-1

[Event "Politiken Cup"]
[Site "Helsingor DEN"]
[Date "2009.07.23"]
[Round "7"]
[White "Jessen,E"]
[Black "Gade,J"]
[Result "1/2-1/2"]
[WhiteElo "1793"]
[BlackElo "1535"]
[EventDate "2009.07.18"]

1. e4 e5 2. Nf3 Nc6 3. Bb5 a6 4. Ba4 Nf6 5. O-O d6 6. h3 Be7 7. Re1 O-O 8.
Nc3 Be6 9. Bxc6 bxc6 10. d3 Qd7 11. Ng5 Rab8 12. Nxe6 Qxe6 13. b3 d5 14. f4
exf4 15. Bxf4 Bc5+ 16. Kh1 dxe4 17. Nxe4 Nxe4 18. Rxe4 Qd7 19. Qe2 Rfe8 20.
Re1 Kf8 21. Rxe8+ Rxe8 22. Qxe8+ Qxe8 23. Rxe8+ Kxe8 24. Bxc7 Kd7 25. Be5
f6 26. Bb2 Kd6 27. g3 Kd5 28. c3 Bb6 29. Kg2 c5 30. Kf3 a5 31. c4+ Ke6 32.
a4 Kf5 33. Bc3 h5 34. Ke3 g5 35. Kf3 g4+ 36. hxg4+ hxg4+ 37. Ke3 Ke6 38. d4
cxd4+ 39. Bxd4 Bc7 40. Kf2 f5 41. Kg2 Kd6 42. Bc3 Ke6 43. Bd4 Kd6 44. Kf2
Kc6 45. Be3 Kd7 46. Bd2 Kc6 47. Bg5 Kd7 1/2-1/2

[Event "Politiken Cup"]
[Site "Helsingor DEN"]
[Date "2009.07.24"]
[Round "8"]
[White "Hillarp Persson,T"]
[Black "Malakhov,V"]
[Result "0-1"]
[WhiteElo "2596"]
[BlackElo "2707"]
[EventDate "2009.07.18"]

1. Nf3 d5 2. d4 Nf6 3. c4 c6 4. e3 Bf5 5. Nc3 e6 6. Nh4 Bg6 7. Be2 Nbd7 8.
O-O Ne4 9. Nxg6 hxg6 10. cxd5 exd5 11. Nxe4 dxe4 12. d5 Bd6 13. g3 c5 14.
Qa4 Qe7 15. Bb5 O-O-O 16. Bd2 Nf6 17. Qxa7 Bb8 18. Qa3 Rxd5 19. Rfc1 Ng4
20. Ba5 Nxh2 21. Rd1 Qe6 22. Rac1 Nf3+ 23. Kf1 Rh1+ 24. Ke2 Nd4+ 25. exd4
Qg4+ 26. Kd2 Rxd1+ 27. Rxd1 Rxd4+ 0-1

[Event "Politiken Cup"]
[Site "Helsingor DEN"]
[Date "2009.07.24"]
[Round "8"]
[White "Nielsen,PH"]
[Black "Fries Nielsen,JO"]
[Result "1-0"]
[WhiteElo "2680"]
[BlackElo "2439"]
[EventDate "2009.07.18"]

1. d4 c5 2. d5 g6 3. e4 Bg7 4. c4 d6 5. Bd3 e6 6. h3 Ne7 7. Nf3 O-O 8. Nc3
Na6 9. O-O Nc7 10. a4 h6 11. Bd2 e5 12. Qc1 Kh7 13. Nh2 Ng8 14. f4 exf4 15.
Bxf4 Qe7 16. Nf3 Bd7 17. Qe1 Be5 18. Nxe5 dxe5 19. Be3 a5 20. Rf3 b6 21.
Qf2 Kg7 22. Rf1 f6 23. b3 Ne8 24. Ne2 Rc8 25. g4 Nd6 26. Ng3 Nf7 27. Qh2
Nd6 28. Be2 Rf7 29. R3f2 Rcf8 30. Bc1 Kh8 31. h4 Rh7 32. Bb2 g5 33. Qh1
Rff7 34. Nh5 Bc8 35. Rh2 Bd7 36. Rff2 Bc8 37. Kf1 Bd7 38. Ke1 Qe8 39. Qf3
Qe7 40. Bd3 gxh4 41. Qh3 Rf8 42. Qxh4 Be8 43. Ng3 Bg6 44. Nf5 Bxf5 45. gxf5
Nf7 46. Be2 Ng5 47. Bh5 Kg7 48. Bc1 Rh8 49. Rfg2 Rd8 50. Bf3 Rd6 51. Bxg5
fxg5 52. Rxg5+ Qxg5 53. Rg2 Rg6 54. Rxg5 Rxg5 55. Qh2 Kf6 56. d6 Rh7 57.
Qd2 1-0

[Event "Politiken Cup"]
[Site "Helsingor DEN"]
[Date "2009.07.24"]
[Round "8"]
[White "Negi,P"]
[Black "Postny,E"]
[Result "1/2-1/2"]
[WhiteElo "2590"]
[BlackElo "2647"]
[EventDate "2009.07.18"]

1. e4 c6 2. d4 d5 3. Nc3 dxe4 4. Nxe4 Bf5 5. Ng3 Bg6 6. h4 h6 7. Nf3 Nd7 8.
h5 Bh7 9. Bd3 Bxd3 10. Qxd3 e6 11. Bd2 Qc7 12. O-O-O Ngf6 13. Ne4 O-O-O 14.
g3 Nxe4 15. Qxe4 Nf6 16. Qe2 Bd6 17. c4 c5 18. Bc3 cxd4 19. Nxd4 a6 20. Kb1
Rd7 21. Rc1 Kb8 22. Rh4 Rhd8 23. Qe1 Rc8 24. Nb3 Qc6 25. c5 Bc7 26. Rc4 b5
27. cxb6 Qxc4 28. bxc7+ Rdxc7 29. Be5 Qe4+ 30. Qxe4 Nxe4 31. Rc6 f6 32.
Bxc7+ Rxc7 33. Rxe6 Nxf2 34. Rxa6 Ne4 35. g4 Rc4 36. Rb6+ Kc8 37. Rb7 Kxb7
38. Na5+ Kc7 39. Nxc4 f5 40. gxf5 Nf6 41. Ne3 Nxh5 42. Ng4 Kd6 43. Kc2 Kc5
44. Kd3 Ng3 45. f6 gxf6 46. Nxh6 f5 47. Nf7 Ne4 48. Ne5 Kd5 49. Nf3 Nc5+
50. Kc3 Ke4 51. Nd2+ Ke3 52. Nc4+ Ke2 53. b4 Nd7 54. a4 f4 55. a5 f3 56. a6
f2 57. Nd2 Ke3 58. a7 Nb6 59. Nc4+ Ke2 60. Nxb6 f1=Q 61. a8=Q Qf6+ 62. Kc4
Qxb6 63. Qe8+ Kf1 64. b5 Qc7+ 65. Kd5 Qb7+ 66. Qc6 Qf7+ 67. Kd6 Qf4+ 68.
Kd7 Qf7+ 69. Kc8 Qf8+ 70. Kb7 Qe7+ 71. Qc7 Qe4+ 72. Ka6 Qa4+ 73. Qa5 Qc4
74. Qa1+ Kg2 75. Qb2+ Kh1 76. Qh8+ Kg1 77. Qg7+ Kh1 78. Qb7+ Kh2 79. Qc6
Qa2+ 80. Kb7 Kg1 81. Qc1+ Kf2 82. Qc5+ Kf1 83. b6 Qg2+ 84. Ka6 Qa8+ 85. Kb5
Qe8+ 86. Ka5 Qe1+ 87. Ka6 Qa1+ 88. Qa5 Qf6 89. Qb5+ Kg1 90. Qc5+ Kh1 91.
Ka7 Qa1+ 92. Kb7 Qg7+ 93. Qc7 Qf8 94. Qd7 Qf2 95. Qd5+ Kg1 96. Qg5+ Kh1 97.
Kc6 Qc2+ 98. Kd6 Qh2+ 99. Qe5 Qh6+ 100. Kc5 Qc1+ 101. Kd5 Qd2+ 102. Qd4
Qg5+ 103. Kc4 Qc1+ 104. Qc3 Qf1+ 105. Kb4 Qb1+ 106. Qb3 Qe1+ 107. Kb5 Qe5+
108. Ka6 Qa1+ 109. Kb7 Qg7+ 110. Kc6 Qf6+ 111. Kc5 Qe7+ 112. Kd4 Qf6+ 113.
Kd3 Qf5+ 114. Kc3 Qe5+ 115. Kb4 Qe1+ 116. Qc3 Qb1+ 117. Ka5 Qa2+ 118. Kb5
Qd5+ 119. Qc5 Qd3+ 120. Kc6 Qg6+ 121. Kb7 Qf7+ 122. Ka6 Qa2+ 123. Qa5 Qe2+
124. Ka7 Qf2 125. Qd5+ Kg1 126. Kb7 Qf8 127. Qd4+ Kh1 128. Qe4+ Kg1 129.
Qe3+ Kh1 130. Ka7 Qf2 131. Qe4+ Kg1 132. Kb7 Qf7+ 133. Kc6 1/2-1/2

[Event "Politiken Cup"]
[Site "Helsingor DEN"]
[Date "2009.07.24"]
[Round "8"]
[White "Rasmussen,A"]
[Black "Avrukh,B"]
[Result "0-1"]
[WhiteElo "2536"]
[BlackElo "2641"]
[EventDate "2009.07.18"]

1. e4 e5 2. Nf3 Nc6 3. Bb5 a6 4. Ba4 Nf6 5. O-O Be7 6. Re1 b5 7. Bb3 d6 8.
c3 O-O 9. h3 Nb8 10. d4 Nbd7 11. Nbd2 Bb7 12. Bc2 Re8 13. a4 Bf8 14. Bd3 c6
15. b3 g6 16. Ba3 Nh5 17. Bf1 Nf4 18. Qc2 Rc8 19. Rad1 Qb6 20. b4 Qc7 21.
c4 exd4 22. cxb5 d3 23. Bxd3 cxb5 24. Qxc7 Rxc7 25. Bf1 bxa4 26. g3 Nh5 27.
Nc4 Nhf6 28. Nxd6 Bxd6 29. Rxd6 Nxe4 30. Rd4 Kg7 31. Bb2 f6 32. Rc1 Rec8
33. b5 axb5 34. Rxc7 Rxc7 35. Bxb5 Nb6 36. Bxa4 Nc3 37. Bxc3 Bxf3 38. Bd2
Ra7 39. Rf4 Bb7 40. Bc3 Nxa4 41. Bxf6+ Kg8 42. Rc4 Bd5 43. Rc8+ Kf7 44. Bd4
Rb7 45. g4 h5 46. f4 Rb1+ 47. Kf2 Rb3 48. Rc7+ Ke8 49. Ra7 Nc3 50. Ra5 Nb5
51. Be5 Bc6 0-1

[Event "Politiken Cup"]
[Site "Helsingor DEN"]
[Date "2009.07.24"]
[Round "8"]
[White "Matthiesen,M"]
[Black "Kuzubov,Y"]
[Result "0-1"]
[WhiteElo "2305"]
[BlackElo "2635"]
[EventDate "2009.07.18"]

1. d4 Nf6 2. c4 e6 3. Nf3 Bb4+ 4. Bd2 a5 5. g3 b6 6. Bg2 Bb7 7. O-O O-O 8.
Nc3 d6 9. Qc2 Nbd7 10. Rfe1 Bxc3 11. Bxc3 Be4 12. Qd1 d5 13. cxd5 exd5 14.
Bh3 c6 15. Nh4 h6 16. Nf5 Nh7 17. Ne3 Ng5 18. Bf1 Bh7 19. Bg2 Re8 20. Qc1
Nf6 21. f3 Rc8 22. Qd2 Ne6 23. Nd1 Qd7 24. Rc1 c5 25. Ne3 b5 26. Bxa5 cxd4
27. Nf1 Qa7 28. Kh1 Ra8 29. Bb4 Qxa2 30. Bd6 Qb3 31. Qb4 Qxb4 32. Bxb4 Ra2
33. b3 Rea8 34. Nd2 d3 35. e3 Bg6 36. Bf1 Nd7 37. e4 dxe4 38. Nxe4 Bxe4 39.
Rxe4 d2 40. Rd1 Ra1 41. Rxd2 Nf6 42. Rxe6 fxe6 43. Kg2 Rb1 44. Kf2 Rxb3 45.
Bc5 Rc8 46. Bh3 Kf7 0-1

[Event "Politiken Cup"]
[Site "Helsingor DEN"]
[Date "2009.07.24"]
[Round "8"]
[White "Schandorff,L"]
[Black "Berg,E"]
[Result "0-1"]
[WhiteElo "2510"]
[BlackElo "2610"]
[EventDate "2009.07.18"]

1. Nf3 Nf6 2. c4 d6 3. d4 g6 4. g3 Bg7 5. Bg2 O-O 6. Nc3 Nbd7 7. O-O e5 8.
e4 a6 9. h3 exd4 10. Nxd4 Re8 11. Be3 Rb8 12. b3 Ne5 13. f4 Ned7 14. Bf2 c5
15. Nc2 Qa5 16. Be1 Qc7 17. a4 b6 18. Qd3 Bb7 19. Rd1 Nf8 20. Bf2 Rbd8 21.
Rfe1 Bc6 22. Ne3 Ne6 23. Ned5 Qb7 24. Bf1 Nd4 25. Bxd4 cxd4 26. Nxf6+ Bxf6
27. Nd5 Bg7 28. Bg2 b5 29. axb5 axb5 30. Rb1 Bxd5 31. exd5 bxc4 32. bxc4
Qa7 33. Kh2 Re3 34. Rxe3 dxe3 35. Re1 Re8 36. Re2 Bd4 37. Bf3 Qa1 38. Kg2
Rb8 39. Kh2 Rb1 40. Bg2 Rd1 41. Qe4 Rd2 42. Qf3 Rc2 43. h4 Rxc4 44. h5 Kg7
45. hxg6 hxg6 46. Bf1 Rc1 47. Kg2 Qb1 48. g4 Rd1 49. g5 Bc5 50. Kg1 Qf5 51.
Kh2 Rxd5 52. Rb2 Rd4 53. Kg3 d5 54. Qxe3 Re4 55. Qxc5 Rxf4 56. Rf2 Qxg5+
57. Kh2 Rh4+ 58. Bh3 Qe5+ 59. Kg2 Qg5+ 60. Kh2 Qe5+ 61. Kg2 Qe4+ 62. Kh2
Qe6 63. Qc3+ d4 64. Qg3 Rh5 65. Rd2 Qe4 66. Rf2 d3 67. Qc7 Qd5 68. Qf4 Qd7
69. Qe3 d2 70. Rxd2 Rxh3+ 0-1

[Event "Politiken Cup"]
[Site "Helsingor DEN"]
[Date "2009.07.24"]
[Round "8"]
[White "Jacobsen,Bo"]
[Black "Hammer,J"]
[Result "0-1"]
[WhiteElo "2303"]
[BlackElo "2583"]
[EventDate "2009.07.18"]

1. Nf3 g6 2. c4 c5 3. Nc3 Bg7 4. g3 b6 5. Bg2 Bb7 6. O-O Nf6 7. b3 d5 8.
cxd5 Nxd5 9. Bb2 O-O 10. d4 Nxc3 11. Bxc3 Nc6 12. e3 Qd6 13. Rc1 Rad8 14.
Qd2 Qb8 15. Rfd1 cxd4 16. exd4 e6 17. Qe2 Rfe8 18. h4 Qa8 19. h5 Ne7 20. d5
Bxc3 21. dxe6 Rxd1+ 22. Rxd1 f5 23. h6 Bf6 24. Rd7 Be4 25. Qd1 Qc6 26. Nd4
Bxd4 27. Qxd4 Qc1+ 28. Bf1 Qxh6 29. f3 Bxf3 30. Rxe7 0-1

[Event "Politiken Cup"]
[Site "Helsingor DEN"]
[Date "2009.07.24"]
[Round "8"]
[White "Hector,J"]
[Black "Sethuraman,S"]
[Result "1/2-1/2"]
[WhiteElo "2556"]
[BlackElo "2455"]
[EventDate "2009.07.18"]

1. e4 e5 2. Nf3 Nc6 3. Bc4 Nf6 4. d4 exd4 5. e5 d5 6. Bb5 Nd7 7. O-O Be7 8.
Qe2 O-O 9. Bxc6 bxc6 10. Nxd4 Nb8 11. Rd1 c5 12. Nf3 Nc6 13. Nc3 Be6 14.
Bf4 h6 15. Rd2 d4 16. Ne4 Qd5 17. c4 Qxc4 18. Qxc4 Bxc4 19. Rc1 Bd5 20.
Nxc5 g5 21. Nxd4 gxf4 22. Nf5 Bxc5 23. Rxd5 Ne7 24. Nxh6+ Kg7 25. Rdxc5
Kxh6 26. Rxc7 Ng6 27. R1c6 a5 28. g3 Rad8 29. Kg2 Kg7 30. Rf6 Rd2 31. gxf4
Rxb2 32. Kg3 Rxa2 33. h4 Nh8 34. h5 a4 35. Ra6 Rd2 36. Rxa4 Kh6 37. Ra6+
Kxh5 38. Rc1 Rg8+ 39. Kf3 Rd3+ 40. Ke4 Rh3 41. e6 fxe6 42. Rxe6 Nf7 43. Rc7
Rg6 44. Kf5 Nh6+ 45. Ke5 Ng4+ 46. Kf5 Nh6+ 47. Ke5 Rxe6+ 48. Kxe6 Rf3 49.
Rc5+ Kg4 50. f5 Nxf5 51. Rc4+ Kg5 52. Rc1 Rxf2 53. Kd5 Re2 54. Rh1 Rd2+ 55.
Kc5 Kf6 56. Rf1 Rd8 57. Rf2 Rd1 58. Rh2 Ke5 59. Re2+ Kf4 60. Rf2+ Ke4 61.
Re2+ Ne3 62. Kc6 Rd3 63. Rh2 Ke5 64. Rh5+ Nf5 65. Kc5 Rc3+ 66. Kb4 Rc8 67.
Rg5 Kf4 68. Rg1 Nd4 69. Rh1 Nc6+ 70. Kc5 Ne5+ 71. Kd5 Rc2 72. Rh4+ Ng4 73.
Kd4 Rd2+ 74. Kc3 Rd6 75. Kc4 Kg5 76. Rh3 Rd8 77. Rh1 Kf5 78. Rh5+ Ke6 79.
Rh1 Ne5+ 80. Kc3 Rd3+ 81. Kc2 Rg3 82. Rh8 Kd5 83. Rd8+ Kc5 84. Rc8+ Nc6 85.
Kd2 Kd5 86. Ra8 Rh3 87. Rg8 Nd4 88. Rd8+ Ke5 89. Re8+ Ne6 1/2-1/2

[Event "Politiken Cup"]
[Site "Helsingor DEN"]
[Date "2009.07.24"]
[Round "8"]
[White "Flermoen,P"]
[Black "Hansen,SuB"]
[Result "0-1"]
[WhiteElo "2027"]
[BlackElo "2554"]
[EventDate "2009.07.18"]

1. Nf3 c5 2. c4 Nf6 3. g3 b6 4. Bg2 Bb7 5. O-O e6 6. Nc3 Be7 7. d4 cxd4 8.
Nxd4 Bxg2 9. Kxg2 Qc7 10. Qd3 a6 11. Rd1 O-O 12. f3 Rc8 13. b3 b5 14. cxb5
Qxc3 15. Qxc3 Rxc3 16. Bb2 Rc8 17. b6 Re8 18. Rdc1 Bd8 19. Rc8 Bxb6 20.
Rac1 Nc6 21. Rxe8+ Nxe8 22. Nxc6 dxc6 23. Rxc6 Bd8 24. b4 Kf8 25. a3 Ke7
26. Bd4 f6 27. f4 Bc7 28. e4 e5 29. Be3 Kd7 30. Rc3 Bd6 31. Kf3 Rc8 32.
Rxc8 Kxc8 33. Ke2 Kd7 34. Kd3 Kc6 35. Kc4 Bc7 36. fxe5 Bxe5 37. Bc5 Nd6+
38. Bxd6 Bxd6 39. a4 Bc7 0-1

[Event "Politiken Cup"]
[Site "Helsingor DEN"]
[Date "2009.07.24"]
[Round "8"]
[White "Sebag,M"]
[Black "Kaaber,J"]
[Result "1-0"]
[WhiteElo "2531"]
[BlackElo "2184"]
[EventDate "2009.07.18"]

1. e4 c5 2. Nf3 d6 3. d4 cxd4 4. Nxd4 Nf6 5. Nc3 a6 6. Be2 e6 7. a4 Nc6 8.
Be3 Be7 9. O-O O-O 10. f4 Bd7 11. Nb3 e5 12. f5 Nb4 13. Bg5 Rc8 14. Bf3 d5
15. exd5 Bxf5 16. Rf2 Bg6 17. Bxf6 Bxf6 18. Ne4 Bxe4 19. Bxe4 a5 20. Kh1 g6
21. c3 Na6 22. d6 Nc5 23. Nxc5 Rxc5 24. Bxb7 Kg7 25. d7 Qc7 26. Bc8 Be7 27.
Rd2 f5 28. Rd5 Rd8 29. h3 Qc6 30. Rxc5 Bxc5 31. Qd2 e4 32. b4 Bb6 33. c4
Qxc4 34. bxa5 e3 35. Qd6 Qd4 36. Qe7+ Kh6 37. Re1 Bxa5 38. Qxe3+ Qxe3 39.
Rxe3 Kg5 40. Re5 Bc3 41. Rc5 Bd4 42. Rd5 Bf2 43. a5 Kf6 44. a6 g5 45. Ra5
Ba7 46. Rb5 1-0

[Event "Politiken Cup"]
[Site "Helsingor DEN"]
[Date "2009.07.24"]
[Round "8"]
[White "Alsina Leal,D"]
[Black "Christensen,Bo"]
[Result "1-0"]
[WhiteElo "2529"]
[BlackElo "2277"]
[EventDate "2009.07.18"]

1. e4 c5 2. Nf3 Nc6 3. d4 cxd4 4. Nxd4 Nf6 5. Nc3 e5 6. Ndb5 d6 7. Bg5 a6
8. Na3 b5 9. Nd5 Be7 10. Bxf6 Bxf6 11. c3 Bg5 12. Nc2 Rb8 13. a4 bxa4 14.
Ncb4 Nxb4 15. cxb4 O-O 16. Rxa4 f5 17. exf5 Bxf5 18. Bxa6 Qe8 19. O-O Qg6
20. Ra3 Bh4 21. b5 Kh8 22. b6 Bc2 23. Qd2 Be4 24. g3 Bg5 25. Qd1 Qe6 26.
Bc4 Qh3 27. f3 Bxd5 28. Qxd5 Rxb6 29. Ra8 Rbb8 30. Rxb8 Rxb8 31. Qxd6 Re8
32. Re1 h6 33. Qg6 Qc8 34. Bd3 Kg8 35. Qh7+ Kf8 36. Bg6 Qc5+ 37. Kg2 1-0

[Event "Politiken Cup"]
[Site "Helsingor DEN"]
[Date "2009.07.24"]
[Round "8"]
[White "Thomassen,J"]
[Black "Tazbir,M"]
[Result "1/2-1/2"]
[WhiteElo "2300"]
[BlackElo "2500"]
[EventDate "2009.07.18"]

1. e4 g6 2. d4 Bg7 3. Nc3 c6 4. Nf3 d6 5. h3 Nf6 6. a4 O-O 7. Bd3 a5 8. O-O
Na6 9. Re1 Nd7 10. Bc4 Nb4 11. Qe2 e5 12. dxe5 dxe5 13. Bg5 Bf6 14. Bh6 Re8
15. Rad1 Qe7 16. Qd2 Nb6 17. Bf1 Be6 18. b3 Rad8 19. Qc1 Nd7 20. Ng5 Nc5
21. Kh1 Bg7 22. Bxg7 Kxg7 23. Nb1 Bc8 24. Bc4 Rf8 25. Rxd8 Qxd8 26. Rd1 Qf6
27. c3 Nba6 28. Qe3 h6 29. Nf3 Be6 30. Bxa6 Nxa6 31. Nbd2 Rd8 32. Rb1 c5
33. Qe2 Nc7 34. Qe3 Na6 35. Qe2 Nc7 36. Qe3 b6 37. b4 axb4 38. cxb4 c4 39.
Qxb6 c3 40. Qxc7 cxd2 41. Qc2 Bxh3 42. Rd1 Bg4 43. Qc3 Rc8 44. Qe3 Bxf3 45.
gxf3 Rc4 46. Kg2 Rxb4 47. a5 Ra4 48. Rh1 h5 49. Qxd2 Ra3 50. Rh3 h4 51. f4
Rxh3 52. Kxh3 exf4 53. Qd5 Qb2 54. Qc5 Qf6 55. Qd5 Qb2 56. Qc5 Qf6 1/2-1/2

[Event "Politiken Cup"]
[Site "Helsingor DEN"]
[Date "2009.07.24"]
[Round "8"]
[White "Brynell,S"]
[Black "Holst,C"]
[Result "1/2-1/2"]
[WhiteElo "2471"]
[BlackElo "2159"]
[EventDate "2009.07.18"]

1. Nf3 Nf6 2. c4 g6 3. g3 Bg7 4. Bg2 O-O 5. O-O c5 6. d4 cxd4 7. Nxd4 Nc6
8. Nc3 Nxd4 9. Qxd4 d6 10. Qd3 a6 11. Be3 Ng4 12. Bd4 Ne5 13. Qd1 Rb8 14.
b3 Bd7 15. Rc1 Bc6 16. e4 b5 17. cxb5 axb5 18. Nd5 Bxd5 19. exd5 Qa5 20. f4
Nd7 21. Rf2 Bxd4 22. Qxd4 Rbc8 23. Rfc2 Rxc2 24. Rxc2 Qe1+ 25. Bf1 b4 26.
Re2 Qc3 27. Qxc3 bxc3 28. Rc2 Rc8 29. Kf2 Nb6 30. Bg2 Rc5 31. Ke3 Nxd5+ 32.
Bxd5 Rxd5 33. Rxc3 Ra5 34. a4 f5 35. Rc7 Kf7 36. Kd4 Kf6 37. Kc4 Ra8 38.
Kb4 Rb8+ 39. Ka3 e5 40. Rc6 Ke7 41. fxe5 dxe5 42. b4 Kd7 43. b5 Rc8 44. Ra6
e4 45. Ra7+ Kd6 46. Ra6+ Kd7 47. Ra7+ Kd6 48. Ra6+ Kd7 1/2-1/2